| 000 | 00909nam a22002775i 4500 | ||
|---|---|---|---|
| 001 | 11994 | ||
| 003 | ES-MaACL | ||
| 005 | 20250724043504.0 | ||
| 008 | 920507s1991 sp ||||0| spa | ||
| 020 | _a84-7882-032-9 | ||
| 080 | _a738.032.6 | ||
| 080 | _a738.046.1 | ||
| 080 | _a292.112.1(0:7) | ||
| 080 | _a875.09 | ||
| 245 | 0 | 0 |
_aTeseo y la copa de Aison _b: propuesta didáctica de lectura de un mito y de una imagen / _cAlberto Bernabé ... [et al.] ; ilustraciones, Julia Sánchez. |
| 260 |
_aMadrid : _bClásicas, _c1991. |
||
| 300 |
_a86 p : _bil ; _c20 cm. |
||
| 490 | 1 | _aInstrumenta didáctica | |
| 504 | _aBibliografía: p. 59. | ||
| 650 | 1 | 7 |
_aTeseo (Personaje mitológico) _2embne _9223637 |
| 700 | 1 |
_aBernabé, Alberto. _928158 |
|
| 700 | 1 |
_aSánchez, Julia. _9102393 |
|
| 830 | 1 |
_aInstrumenta didáctica _9179239 |
|
| 852 |
_aES-MaACL _jL-19312 |
||
| 999 |
_c11994 _d11994 |
||